[Event "IRI-ch U14"]
[Site "Chess.com INT"]
[Date "2021.01.16"]
[Round "5"]
[White "Rafigh, Shervin"]
[Black "Rezaeipour, Sina"]
[Result "1/2-1/2"]
[WhiteElo "1426"]
[BlackElo "1773"]
[PlyCount "129"]
[EventDate "2021.01.16"]
[EventType "swiss"]
[EventRounds "11"]
[EventCountry "IRI"]
[SourceTitle "EXT 2022"]
[Source "ChessBase"]
[SourceDate "2021.10.06"]
[SourceVersion "1"]
[SourceVersionDate "2021.10.06"]
[SourceQuality "1"]

1. d4 d5 2. c4 e6 3. Nc3 a6 4. cxd5 exd5 5. Bf4 Nf6 6. e3 Bd6 7. Bxd6 Qxd6 8. h3 Bf5 9. Bd3 Bxd3 10. Qxd3 0-0 11. Nf3 Nbd7 12. 0-0 Rfe8 13. Rab1 Ne4 14. b4 c6 15. Na4 h5 16. Nc5 Rab8 17. Nxd7 Qxd7 18. a4 Qd6 19. b5 axb5 20. axb5 Ra8 21. bxc6 bxc6 22. Qc2 Ra6 23. Nd2 Nxd2 24. Qxd2 Rea8 25. Qb4 Qg6 26. Qc5 Ra5 27. Qe7 R8a7 28. Qe8+ Kh7 29. Rb8 Qf5 30. Qg8+ Kg6 31. Rc8 R7a6 32. Qe8 Qe6 33. Qxe6+ fxe6 34. Rc1 Ra1 35. R8xc6 Rxc6 36. Rxa1 Kf6 37. g3 Rc2 38. Kg2 Rb2 39. h4 Rc2 40. Kf3 Rb2 41. Ra8 Rc2 42. Rf8+ Kg6 43. Rf4 Ra2 44. g4 hxg4+ 45. Rxg4+ Kf6 46. Rg3 Ra1 47. Rh3 Rg1 48. h5 Rg5 49. h6 gxh6 50. Rxh6+ Ke7 51. Rh4 Rf5+ 52. Rf4 Rh5 53. Ke2 Rh1 54. Rg4 Ra1 55. Kf3 Rh1 56. Kf4 Rh5 57. f3 Rh7 58. e4 dxe4 59. fxe4 Rh1 60. Rg3 Rh4+ 61. Ke3 Rh1 62. Rg2 Re1+ 63. Re2 Rf1 64. e5 Rh1 65. Rf2 1/2-1/2